Top 25 NBA players - Statistics

General Stats
  • This quiz has been taken 52 times
  • The average score is 17 of 25
Answer Stats
Hint Answer % Correct
2 LeBron James
100%
1 Michael Jordan
95%
8 Kobe Bryant
93%
5 Stephen Curry
93%
10 Larry Bird
88%
9 Magic Johnson
88%
4 Shaquille O'Neal
88%
12 Kevin Durant
86%
3 Kareem Abdul-Jabbar
84%
6 Wilt Chamberlain
81%
7 Tim Duncan
72%
24 Giannis Antetokounmpo
70%
16 Nikola Jokic
70%
11 Hakeem Olajuwon
65%
23 Allen Iverson
60%
13 Dirk Nowitzki
60%
15 Dwayne Wade
60%
18 John Stockton
58%
21 Kevin Garnett
53%
19 David Robinson
51%
17 Steve Nash
49%
20 Scottie Pippen
47%
14 Isiah Thomas
44%
22 Carmelo Anthony
33%
25 John Havlicek
33%
No matching quizzes found
Score Distribution
Percent of People with Each Score
Percentile by Number Answered
Your Score History
You have not taken this quiz